000 00411nam a2200181Ia 4500
008 151202s9999||||xx |||||||||||||| ||und||
082 _bPNVM-71393
100 _aROBERTS NORA.
245 _aSACRED SINS.
260 _bBANTAM BOOKS---.
260 _c2001
300 _a344
600 _aROBERTS NORA.
630 _aSACRED SINS.
700 _aROBERTS NORA.
730 _aSACRED SINS.
942 _cBOOK
999 _c1337989
_d1337986